00359nam a2200133Ia 4500008004100000020001500041041001200056082001100068100002100079245006100100260004100161300000800202650001500210221030s9999 xx 000 0 und d a8181545481 aEnglish a105.23 aS. N. Maheshwari 0aPrinciples of Management Accountingcby S. N. Maheshwari bSultan chand & SonsaNew Delhic2009 a625 aManagement